1142 1617 1462 1237 1941 1993 1022 1041 1290 1901 1229 1614 1987 1764 1145 1887 1806 1246 1946 1176 1967 1986 1616 1070 1441 1424 1494 1032 1379 1118 1934 1813 1509 1007 1543 1341 1351 1499 1354 1872 1541 1465 1334 1515 1294 1237 1639 1967 1109 1603 1156 1162 1271 1474 1230 1421 1642 1806 1383 1689 1955 1905 1977 1742 1846 1738 1289 1510 1561 1186 1330 1562 1493 1949 1688 1554 1564 1236 1330 1626 1322 1176 1263 1171 1671 1615 1965 1973 1544 1333 1559 1875 1345 1664 1087 1850 1653 1020 1713 BCNSPRNW ULIB Ver.6.0+V

เปลี่ยนเป็นภาษาไทย

Change to English
 แสดงรายละเอียดบรรณานุกรม
  กลับหน้าหลัก

Brief Record : Get Marc (ISO 2709) : E-mail record : QR code < ปิดหน้าต่าง
LEADER : 00000nam 2200000uu 4500
001    13399120740
003     ULIB
008    121005s2550||||th 000 0 tha d
020    ^a9789748184876
050  4 ^aBQ6160^bม111 ล.2
100 0  ^aแม่ชีทศพร เทวาพิทักษ์ธรรม
245 10 ^aแม่ชีทศพร เทวาพิทักษ์ธรรม 2/^cแม่ชีทศพร เทวาพิทักษ์ธรรม
250    ^aพิมพ์ครั้งที่ 3
260    ^aกรุงเทพฯ :^bสมาร์ท อินเตอร์คอมมิวนิเคชั่น,^c2550
300    ^a144 หน้า^bภาพประกอบ
650  7 ^aธรรมกับชีวิตประจำวัน
650  7 ^aการปฏิบัติธรรมธรรม
945    ^p160^l0^i14906
995    ^aวิภา
999 ^a ใช้งานได้ทุกระบบ
รายการนี้ยังไม่มีแท็ก
คุณยังไม่ได้ล็อกอิน คุณสามารถมีกิจกรรมร่วมกับเว็บไซต์ได้ แต่ต้องล็อกอินก่อน ::
  ล็อกอิน

รายการสื่อสารสนเทศ

ลำดับที่ ประเภท เลขเรียก/บาร์โค้ด สถานที่ สถานะ
1. วิทยาศาสตร์การแพทย์ และสุขภาพ
วิทยาศาสตร์การแพทย์ และสุขภาพ
BQ6160 ม111 ล.2  
  Barcode: 14906
ห้องสมุดวิทยาเขตสวรรค์ประชารักษ์
►หนังสือทั่วไป
บนชั้น

รายการใกล้เคียง
    ผู้แต่ง [แม่ชีทศพร เทวาพิทักษ์ธรรม]

    หัวเรื่อง [ธรรมกับชีวิตประจำวัน]
    หัวเรื่อง [การปฏิบัติธรรมธรรม]

BibComment


ยังไม่เคยถูกคอมเมนท์

คอมเมนท์ทรัพยากรรายการนี้
  คอมเมนท์: แม่ชีทศพร เทวาพิ..


 Copyright 2026. Bcnsprnw @Library